Die wichtigsten Teile des menschlichen Auges - Statistiken

Allgemein
  • Dieses Quiz wurde 41 mal gespielt
  • Das Durchschnittsergebnis liegt bei 5 aus 11
Antwortstatistiken
Antworten % Korrekt
Iris
89%
Pupille
87%
Netzhaut
66%
Linse
58%
Sehnerv
58%
Hornhaut
50%
Glaskörper
37%
Wimpern
37%
Augenlid
34%
Aderhaut
11%
Lederhaut
11%
Keine übereinstimmenden Quizze gefunden
Verteilung der Resultate
Anzahl Personen mit jedem Resultat
Perzentil nach korrekt beantworteten Fragen
Ihre Resultats-Entwicklung
Sie haben dieses Quiz noch nicht gespielt